000 003970000a22001570004500
041 0 _aENG
082 0 4 _aG 261.1 C1563s
245 1 0 _aThe secular city debate / Daniel Callahan, Editor
260 _aNew York, USA : MacMillan
300 _a218 Pag
001 6775
942 _cBK
999 _c37038
_d37038
336 _atexto
_btxt
_2rdacontent
337 _2rdamedia
_asin mediación
_bn
338 _2rdacarrier
_avolumen
_bnc